| 000 | 00878nam a22002417a 4500 | ||
|---|---|---|---|
| 003 | OSt | ||
| 005 | 20250414145947.0 | ||
| 008 | 210304s2001 ck ||||gr|||| 00| 0 spa d | ||
| 020 | _a9588089123 | ||
| 040 |
_aCO-JMCR _cCO-JMCR |
||
| 041 | 0 | _aspa | |
| 082 | 0 | 4 |
_aA-N _bGARc1 _220 |
| 100 | 1 |
_aGarcía Márquez, Gabriel, _eautor _9578 |
|
| 245 | 1 | 0 |
_aCien años de soledad / _cGabriel García Márquez |
| 260 |
_aBogotá : _bCasa editorial el tiempo, _c2001 |
||
| 300 |
_a318 páginas ; _c21 cm. |
||
| 490 | 0 | _aBiblioteca el tiempo | |
| 500 | _aDatos biográficos del autor en tapa posterior. | ||
| 520 | 0 | _aRelata la historia de la familia Buendía desde la fundación de la aldea de macondo hasta la desaparición completa de la estripe, luego de varias generaciones. | |
| 650 | 1 | 4 |
_aNovela colombiana _914342 |
| 650 | 2 | 4 |
_aLiteratura colombiana _914343 |
| 942 |
_2ddc _cBK |
||
| 999 |
_c7437 _d7437 |
||